<?xml version="1.0" encoding="UTF-8"?>
<record
    xmlns:xsi="http://www.w3.org/2001/XMLSchema-instance"
    xsi:schemaLocation="http://www.loc.gov/MARC21/slim http://www.loc.gov/standards/marcxml/schema/MARC21slim.xsd"
    xmlns="http://www.loc.gov/MARC21/slim">

  <leader>02216nam0a2200409   4500</leader>
  <controlfield tag="001">RU\NLR\bibl\1055365</controlfield>
  <controlfield tag="005">20260408192425.0</controlfield>
  <datafield tag="010" ind1=" " ind2=" ">
    <subfield code="a">5-87417-225-4</subfield>
    <subfield code="b">&#x412; &#x43F;&#x435;&#x440;.</subfield>
    <subfield code="9">5000</subfield>
  </datafield>
  <datafield tag="021" ind1=" " ind2=" ">
    <subfield code="a">RU</subfield>
    <subfield code="b">2007-2376</subfield>
    <subfield code="9">113</subfield>
  </datafield>
  <datafield tag="035" ind1=" " ind2=" ">
    <subfield code="a">(NLR Aleph) 001042659</subfield>
  </datafield>
  <datafield tag="035" ind1=" " ind2=" ">
    <subfield code="a">(nilc)RSL-KNO-003030416</subfield>
  </datafield>
  <datafield tag="090" ind1=" " ind2=" ">
    <subfield code="a">828488</subfield>
    <subfield code="c">828488</subfield>
  </datafield>
  <datafield tag="100" ind1=" " ind2=" ">
    <subfield code="a">20070213d2006    |||y0rusy50      ca</subfield>
  </datafield>
  <datafield tag="101" ind1="0" ind2=" ">
    <subfield code="a">rus</subfield>
  </datafield>
  <datafield tag="102" ind1=" " ind2=" ">
    <subfield code="a">RU</subfield>
  </datafield>
  <datafield tag="105" ind1=" " ind2=" ">
    <subfield code="a">a   zzzz|||||</subfield>
  </datafield>
  <datafield tag="106" ind1=" " ind2=" ">
    <subfield code="a">r</subfield>
  </datafield>
  <datafield tag="200" ind1="1" ind2=" ">
    <subfield code="a">&#x417;&#x435;&#x43C;&#x43B;&#x44F; &#x422;&#x43E;&#x441;&#x43D;&#x435;&#x43D;&#x441;&#x43A;&#x430;&#x44F;</subfield>
    <subfield code="e">&#x438;&#x441;&#x442;&#x43E;&#x440;&#x438;&#x44F; &#x438; &#x441;&#x43E;&#x432;&#x440;&#x435;&#x43C;&#x435;&#x43D;&#x43D;&#x43E;&#x441;&#x442;&#x44C;</subfield>
    <subfield code="f">[&#x410;. &#x41D;. &#x427;&#x438;&#x441;&#x442;&#x438;&#x43A;&#x43E;&#x432; (&#x440;&#x443;&#x43A;.), &#x420;.&#x412;. &#x422;&#x438;&#x445;&#x43E;&#x43C;&#x438;&#x440;&#x43E;&#x432;&#x430;, &#x413;.&#x418;. &#x417;&#x438;&#x43D;&#x43E;&#x432;&#x44C;&#x435;&#x432;&#x430; &#x438; &#x434;&#x440;.</subfield>
    <subfield code="g">&#x432;&#x441;&#x442;&#x443;&#x43F;. &#x441;&#x43B;&#x43E;&#x432;&#x43E; &#x42E;.&#x412;. &#x421;&#x43E;&#x43A;&#x43E;&#x43B;&#x43E;&#x432;&#x430;]</subfield>
  </datafield>
  <datafield tag="210" ind1=" " ind2=" ">
    <subfield code="a">&#x421;&#x430;&#x43D;&#x43A;&#x442;-&#x41F;&#x435;&#x442;&#x435;&#x440;&#x431;&#x443;&#x440;&#x433;</subfield>
    <subfield code="c">&#x41B;&#x438;&#x43A;&#x438; &#x420;&#x43E;&#x441;&#x441;&#x438;&#x438;</subfield>
    <subfield code="d">2006</subfield>
  </datafield>
  <datafield tag="215" ind1=" " ind2=" ">
    <subfield code="a">319, [1] &#x441;.</subfield>
    <subfield code="c">&#x438;&#x43B;., &#x43F;&#x43E;&#x440;&#x442;&#x440;., &#x446;&#x432;. &#x438;&#x43B;.</subfield>
    <subfield code="d">28</subfield>
  </datafield>
  <datafield tag="320" ind1=" " ind2=" ">
    <subfield code="a">&#x411;&#x438;&#x431;&#x43B;&#x438;&#x43E;&#x433;&#x440;.: &#x441;. 318-319 (115 &#x43D;&#x430;&#x437;&#x432;.)</subfield>
  </datafield>
  <datafield tag="607" ind1=" " ind2=" ">
    <subfield code="a">&#x422;&#x43E;&#x441;&#x43D;&#x435;&#x43D;&#x441;&#x43A;&#x438;&#x439; &#x440;&#x430;&#x439;&#x43E;&#x43D; (&#x41B;&#x435;&#x43D;&#x438;&#x43D;&#x433;&#x440;&#x430;&#x434;&#x441;&#x43A;&#x430;&#x44F; &#x43E;&#x431;&#x43B;&#x430;&#x441;&#x442;&#x44C;)</subfield>
    <subfield code="x">&#x418;&#x441;&#x442;&#x43E;&#x440;&#x438;&#x44F;</subfield>
    <subfield code="3">RU\NLR\auth\661299830</subfield>
    <subfield code="9">2159692</subfield>
  </datafield>
  <datafield tag="610" ind1="0" ind2=" ">
    <subfield code="a">&#x418;&#x441;&#x442;&#x43E;&#x440;&#x438;&#x44F;. &#x418;&#x441;&#x442;&#x43E;&#x440;&#x438;&#x447;&#x435;&#x441;&#x43A;&#x438;&#x435; &#x43D;&#x430;&#x443;&#x43A;&#x438; -- &#x420;&#x43E;&#x441;&#x441;&#x438;&#x439;&#x441;&#x43A;&#x430;&#x44F; &#x424;&#x435;&#x434;&#x435;&#x440;&#x430;&#x446;&#x438;&#x44F; -- &#x41B;&#x435;&#x43D;&#x438;&#x43D;&#x433;&#x440;&#x430;&#x434;&#x441;&#x43A;&#x430;&#x44F; &#x43E;&#x431;&#x43B;&#x430;&#x441;&#x442;&#x44C; -- &#x422;&#x43E;&#x441;&#x43D;&#x435;&#x43D;&#x441;&#x43A;&#x438;&#x439; &#x440;&#x430;&#x439;&#x43E;&#x43D; -- &#x410;&#x43B;&#x44C;&#x431;&#x43E;&#x43C;</subfield>
  </datafield>
  <datafield tag="610" ind1="0" ind2=" ">
    <subfield code="a">&#x41D;&#x430;&#x443;&#x43A;&#x438; &#x43E; &#x417;&#x435;&#x43C;&#x43B;&#x435; -- &#x420;&#x435;&#x433;&#x438;&#x43E;&#x43D;&#x430;&#x43B;&#x44C;&#x43D;&#x44B;&#x439; &#x440;&#x430;&#x437;&#x434;&#x435;&#x43B; &#x43D;&#x430;&#x443;&#x43A; &#x43E; &#x417;&#x435;&#x43C;&#x43B;&#x435; -- &#x420;&#x43E;&#x441;&#x441;&#x438;&#x439;&#x441;&#x43A;&#x430;&#x44F; &#x424;&#x435;&#x434;&#x435;&#x440;&#x430;&#x446;&#x438;&#x44F; -- &#x41B;&#x435;&#x43D;&#x438;&#x43D;&#x433;&#x440;&#x430;&#x434;&#x441;&#x43A;&#x430;&#x44F; &#x43E;&#x431;&#x43B;&#x430;&#x441;&#x442;&#x44C; -- &#x422;&#x43E;&#x441;&#x43D;&#x435;&#x43D;&#x441;&#x43A;&#x438;&#x439; &#x440;&#x430;&#x439;&#x43E;&#x43D; -- &#x41A;&#x440;&#x430;&#x435;&#x432;&#x435;&#x434;&#x447;&#x435;&#x441;&#x43A;&#x430;&#x44F; &#x445;&#x430;&#x440;&#x430;&#x43A;&#x442;&#x435;&#x440;&#x438;&#x441;&#x442;&#x438;&#x43A;&#x430; -- &#x410;&#x43B;&#x44C;&#x431;&#x43E;&#x43C;</subfield>
  </datafield>
  <datafield tag="686" ind1=" " ind2=" ">
    <subfield code="a">&#x422;3(2&#x420;-4&#x41B;&#x435;-5&#x422;&#x43E;&#x441;)&#x44F;61</subfield>
    <subfield code="2">rubbk</subfield>
  </datafield>
  <datafield tag="686" ind1=" " ind2=" ">
    <subfield code="a">&#x414;9(2&#x420;31-4&#x41B;&#x435;-5&#x422;&#x43E;&#x441;)0&#x44F;61</subfield>
    <subfield code="2">rubbk</subfield>
  </datafield>
  <datafield tag="686" ind1=" " ind2=" ">
    <subfield code="a">&#x422;3(2&#x420;-4&#x41B;&#x435;)</subfield>
  </datafield>
  <datafield tag="701" ind1=" " ind2="1">
    <subfield code="4">070</subfield>
    <subfield code="8">rus</subfield>
    <subfield code="7">ca</subfield>
    <subfield code="a">&#x427;&#x438;&#x441;&#x442;&#x438;&#x43A;&#x43E;&#x432;</subfield>
    <subfield code="b">&#x410;. &#x41D;.</subfield>
    <subfield code="f">1956-</subfield>
    <subfield code="g">&#x410;&#x43B;&#x435;&#x43A;&#x441;&#x430;&#x43D;&#x434;&#x440; &#x41D;&#x438;&#x43A;&#x43E;&#x43B;&#x430;&#x435;&#x432;&#x438;&#x447;</subfield>
    <subfield code="3">RU\NLR\auth\7723054</subfield>
    <subfield code="9">6108</subfield>
  </datafield>
  <datafield tag="701" ind1=" " ind2="1">
    <subfield code="4">070</subfield>
    <subfield code="8">rus</subfield>
    <subfield code="7">ca</subfield>
    <subfield code="a">&#x422;&#x438;&#x445;&#x43E;&#x43C;&#x438;&#x440;&#x43E;&#x432;&#x430;</subfield>
    <subfield code="b">&#x420;. &#x412;.</subfield>
    <subfield code="c">&#x43A;&#x440;&#x430;&#x435;&#x432;&#x435;&#x434;</subfield>
    <subfield code="f">1938-</subfield>
    <subfield code="g">&#x420;&#x430;&#x438;&#x441;&#x430; &#x412;&#x430;&#x441;&#x438;&#x43B;&#x44C;&#x435;&#x432;&#x43D;&#x430;</subfield>
    <subfield code="3">RU\NLR\auth\7784637</subfield>
    <subfield code="9">67565</subfield>
  </datafield>
  <datafield tag="701" ind1=" " ind2="1">
    <subfield code="a">&#x417;&#x438;&#x43D;&#x43E;&#x432;&#x44C;&#x435;&#x432;&#x430;</subfield>
    <subfield code="b">&#x413;. &#x418;.</subfield>
    <subfield code="4">070</subfield>
  </datafield>
  <datafield tag="801" ind1=" " ind2="0">
    <subfield code="a">RU</subfield>
    <subfield code="b">&#x420;&#x41A;&#x41F;</subfield>
    <subfield code="c">20070213</subfield>
    <subfield code="g">rcr</subfield>
  </datafield>
  <datafield tag="801" ind1=" " ind2="1">
    <subfield code="a">RU</subfield>
    <subfield code="b">&#x420;&#x413;&#x411;</subfield>
    <subfield code="c">20070213</subfield>
  </datafield>
  <datafield tag="801" ind1=" " ind2="2">
    <subfield code="a">RU</subfield>
    <subfield code="b">NLR</subfield>
    <subfield code="c">20070307</subfield>
    <subfield code="g">rcr</subfield>
  </datafield>
  <datafield tag="942" ind1=" " ind2=" ">
    <subfield code="c">BOOK</subfield>
  </datafield>
  <datafield tag="980" ind1=" " ind2=" ">
    <subfield code="a">NB</subfield>
  </datafield>
  <datafield tag="995" ind1=" " ind2=" ">
    <subfield code="5">2007-03-07</subfield>
    <subfield code="a">ad</subfield>
    <subfield code="b">NLR01</subfield>
    <subfield code="c">NLR01</subfield>
    <subfield code="e">RF9</subfield>
    <subfield code="f">1-1837710</subfield>
    <subfield code="k">2007-8/804</subfield>
    <subfield code="o">0</subfield>
    <subfield code="r">BOOK</subfield>
    <subfield code="s">20078804_</subfield>
  </datafield>
  <datafield tag="995" ind1=" " ind2=" ">
    <subfield code="5">2007-03-07</subfield>
    <subfield code="a">ad</subfield>
    <subfield code="b">NLR01</subfield>
    <subfield code="c">NLR01</subfield>
    <subfield code="e">RF9</subfield>
    <subfield code="f">2380683</subfield>
    <subfield code="k">2007-8/804</subfield>
    <subfield code="o">0</subfield>
    <subfield code="r">BOOK</subfield>
    <subfield code="s">20078804_</subfield>
  </datafield>
  <datafield tag="995" ind1=" " ind2=" ">
    <subfield code="5">2008-03-05</subfield>
    <subfield code="a">aa</subfield>
    <subfield code="b">NLR01</subfield>
    <subfield code="c">NLR01</subfield>
    <subfield code="e">RZF</subfield>
    <subfield code="f">2621652</subfield>
    <subfield code="o">0</subfield>
    <subfield code="p">2990.00</subfield>
    <subfield code="r">BOOK</subfield>
  </datafield>
  <datafield tag="995" ind1=" " ind2=" ">
    <subfield code="5">2015-09-10</subfield>
    <subfield code="a">aa</subfield>
    <subfield code="b">NLR02</subfield>
    <subfield code="c">NLR02</subfield>
    <subfield code="e">MK</subfield>
    <subfield code="f">1-988119</subfield>
    <subfield code="o">0</subfield>
    <subfield code="p">2990.00</subfield>
    <subfield code="r">BOOK</subfield>
  </datafield>
  <datafield tag="995" ind1=" " ind2=" ">
    <subfield code="5">2015-10-08</subfield>
    <subfield code="a">aa</subfield>
    <subfield code="b">NLR02</subfield>
    <subfield code="c">NLR02</subfield>
    <subfield code="e">MK</subfield>
    <subfield code="f">1-997145</subfield>
    <subfield code="o">0</subfield>
    <subfield code="p">2990.00</subfield>
    <subfield code="r">BOOK</subfield>
  </datafield>
  <datafield tag="995" ind1=" " ind2=" ">
    <subfield code="5">2019-02-12</subfield>
    <subfield code="a">aa</subfield>
    <subfield code="b">NLR02</subfield>
    <subfield code="c">NLR02</subfield>
    <subfield code="e">MK</subfield>
    <subfield code="f">1-2099719</subfield>
    <subfield code="o">6</subfield>
    <subfield code="p">2990.00</subfield>
    <subfield code="r">BOOK</subfield>
  </datafield>
</record>
